Movies Quiz

Random Movies or Letter Quiz

Dustin Hoffman (A-Z) Quiz Stats

 Plays Quiz Updated Feb 20, 2020

Support Sporcle.
Go Orange.
Score 0/18 Timer 05:00
0 Plays Today
Letter Movies % Correct
RRacing Stripes, Rain Man, Runaway Jury
85.2%
MMad City, Madigan's Millions, The Messenger...
80.5%
GThe Graduate
79%
KKramer vs. Kramer, Kung Fu Panda...
72.3%
TThe Tale of Despereaux, The Tiger Makes Out, Tootsie
69.1%
HHero, Hook
47.4%
LLittle Fockers, Lenny, Little Big Man...
43.9%
AAccidental Hero, Agatha, All the President's Men...
35.9%
WWag the Dog, Who Is Harry Kellerman...
33.8%
Letter Movies % Correct
SSleepers, Sphere, Straight Time...
29.8%
II Heart Huckabees, Ishtar, Into the Labyrinth
29%
OOutbreak
28.7%
P Papillon, The Program...
22%
DDick Tracy
18.1%
FFamily Business, Finding Neverland
12.4%
BBarney's Version, Billy Bathgate...
11.5%
CConfidence, Chef, The Cobbler
8.4%
JJohn and Mary
6.1%

You're not logged in!

Compare scores with friends on all Sporcle quizzes.
OR
Log In

From the Vault

10 'Gen' Words

by samc67

We generally like vocabulary quizzes.
Remove Ads.
Support Sporcle.
Get the best of Sporcle when you Go Orange. This ad-free experience offers more features, more stats, and more fun while also helping to support Sporcle. Thank you for becoming a member.

Show Comments

Extras

Top Quizzes Today


Score Distribution

Your Account Isn't Verified!

In order to create a playlist on Sporcle, you need to verify the email address you used during registration. Go to your Sporcle Settings to finish the process.

Report this User

Report this user for behavior that violates our Community Guidelines.

Details: